Macro-, meso- and microeconomic dimensions of europeanisation
Gespeichert in:
| Weitere Verfasser: | , |
|---|---|
| Format: | Buch |
| Sprache: | Englisch |
| Veröffentlicht: |
Warszawa
Wydawnictwo Naukowe PWN
2016
|
| Schlagworte: | |
| Tags: |
Keine Tags, Fügen Sie das erste Tag hinzu!
|
MARC
| LEADER | 00000nam a2200000 4500 | ||
|---|---|---|---|
| 001 | 0229548 | ||
| 005 | 20221107101028.3 | ||
| 020 | |a 978-83-01-19090-3 | ||
| 041 | 0 | |a eng | |
| 044 | |a PL | ||
| 245 | 1 | 0 | |a Macro-, meso- and microeconomic dimensions of europeanisation |c editors: Piotr Stanek, Krzysztof Wach |
| 264 | 1 | |a Warszawa |b Wydawnictwo Naukowe PWN |c 2016 | |
| 300 | |a 226 s. | ||
| 610 | 2 | 0 | |a Európska únia |
| 610 | 2 | 0 | |a Európa |
| 610 | 2 | 0 | |a politika daňová |
| 610 | 2 | 0 | |a politika menová |
| 610 | 2 | 0 | |a euro |
| 610 | 2 | 0 | |a politika regionálna |
| 610 | 2 | 0 | |a politika priemyselná |
| 610 | 2 | 0 | |a politika energetická |
| 610 | 2 | 0 | |a podnikanie |
| 610 | 2 | 0 | |a trh |
| 610 | 2 | 0 | |a marketing |
| 610 | 2 | 0 | |a správanie spotrebiteľa |
| 610 | 2 | 0 | |a trh práce |
| 610 | 2 | 0 | |a migrácia |
| 610 | 2 | 0 | |a pohyb síl pracovných medzinárodný |
| 610 | 2 | 0 | |a Nemecko |
| 700 | 1 | |a Stanek, Piotr | |
| 700 | 1 | |a Wach, Krzysztof | |